Normal view MARC view
  • Sánchez-Armáss Cappello, Omar

Entry Nombre Personal

Number of records used in: 1

001 - NUMERO DE CONTROL

  • campo de control: 48132

003 - IDENTIFICADOR DE NUMERO DE CONTROL

  • campo de control: UPN

005 - FECHA Y HORA DE LA ÜLTIMA TRANSACCIÓN

  • campo de control: 20230502113300.0

008 - DATOS DE LONGITUD FIJA

  • campo de control de longitud fija: 230308|| acn||aabn | a|a d

024 ## - OTROS IDENTIFICADORES NORMALIZADOS

  • Fuente: orcid
  • Número normalizado o código: Omar Sánchez-Armáss Cappello

040 ## - FUENTE DE CATALOGACIÓN

  • Agencia original de catalogación: MX-MxUPN

100 1# - ENCABEZAMIENTO - NOMBRE PERSONAL

  • Nombre personal: Sánchez-Armáss Cappello, Omar

370 ## - LUGAR ASOCIADO

  • Place of birth: San Luis Potosí, México

372 ## - CAMPO DE ACTIVIDAD

  • Field of activity: Psicología
  • Field of activity: Docencia

670 ## - FUENTE EN LA QUE SE LOCALIZARON DATOS

  • Cita de la fuente: En recurso en línea Acta de investigación psicológica Vol. 12, no. 3 (2022):
  • Información localizada: página 5 (Omar Sánchez-Armáss Cappello)
  • Uniform Resource Identifier: https://www.revista-psicologia.unam.mx/revista_aip/index.php/aip/article/view/458/464

902 ## - CATALOGADOR

  • Catalogador: RGJD/020523